[Event "Challenge"]
[Site "http://www.queenalice.com/game.php?id=587302"]
[Date "2009.5.12"]
[Round "-"]
[White "zad2"]
[Black "EliasOliveira28"]
[Result "1-0"]
[WhiteElo "1602"]
[BlackElo "1809"]

1. e4 c5 2. Nf3 e6 3. d4 cxd4 4. Nxd4 Nf6 5. Nc3 Nc6 6. Bg5 Be7 7. Qd2 h6 8.
Bxf6 Bxf6 9. Nxc6 bxc6 10. Bd3 d5 11. O-O O-O 12. Rfe1 dxe4 13. Nxe4 Bxb2 14.
Rab1 Bd4 15. Qf4 e5 16. Qg3 Bf5 17. Rbd1 Bxe4 18. Bxe4 Qc7 19. c3 Bb6 20. Qf3
Rac8 21. Re2 c5 22. Bf5 Rcd8 23. Red2 Rxd2 24. Rxd2 Rd8 25. Rxd8+ 1-0

[Event "Elias x Aldino"]
[Site "http://www.queenalice.com/game.php?id=588895"]
[Date "2009.5.15"]
[Round "-"]
[White "EliasOliveira28"]
[Black "Aldino"]
[Result "1-0"]
[WhiteElo "1798"]
[BlackElo "2030"]

1. d4 d5 2. c4 e6 3. Nf3 Nc6 4. a3 Nf6 5. Nc3 dxc4 6. e4 Be7 7. Bxc4 O-O 8. O-O
a6 9. Bg5 h6 10. Bxf6 Bxf6 11. e5 Be7 12. Bb3 Na5 13. Bc2 f6 14. Qd3 f5 15. Rad1
b5 16. d5 Nb7 17. b4 Qd7 18. Bb3 Rd8 19. Nd4 Qe8 20. Qg3 g6 21. dxe6 Ra7 22.
Nxf5 Rxd1 23. Rxd1 Kh7 24. Nxe7 Qxe7 25. Nd5 Qxe6 26. Nf6+ 1-0

[Event "Challenge"]
[Site "http://www.queenalice.com/game.php?id=590970"]
[Date "2009.5.19"]
[Round "-"]
[White "EliasOliveira28"]
[Black "Enxadrista_27"]
[Result "1-0"]
[WhiteElo "1796"]
[BlackElo "1268"]

1. d4 Nf6 2. c4 e6 3. Nc3 d6 4. Bg5 Nc6 5. e4 d5 6. e5 Be7 7. exf6 gxf6 8. Bh4
f5 9. Bxe7 Nxe7 10. Nf3 dxc4 11. Bxc4 b6 12. O-O Bb7 13. Ne5 Qd6 14. Nb5 Qd8 15.
Qh5 a6 16. Qxf7# 1-0

[Event "Challenge"]
[Site "http://www.queenalice.com/game.php?id=590973"]
[Date "2009.5.19"]
[Round "-"]
[White "EliasOliveira28"]
[Black "junior_chess"]
[Result "1-0"]
[WhiteElo "1796"]
[BlackElo "1427"]

1. e4 c5 2. Nf3 d6 3. Bc4 Bg4 4. Nc3 Bxf3 5. Qxf3 Nf6 6. d4 e6 7. e5 d5 8. exf6
dxc4 9. fxg7 Bxg7 10. dxc5 Nc6 11. O-O Nd4 12. Qxb7 Rb8 13. Qxa7 Nxc2 14. Bf4
Nxa1 15. Qxb8 Qxb8 16. Bxb8 Bxc3 17. bxc3 Nc2 18. a4 Ke7 19. Bd6+ Kd7 20. Rd1
Kc6 21. a5 Kb5 22. Be7 Kxa5 23. Rd7 f5 24. c6 Na3 25. c7 Nb5 26. Rd8 Rxd8 27.
cxd8=Q+ 1-0

[Event "AUTO-ADV-1336"]
[Site "http://www.queenalice.com/game.php?id=591357"]
[Date "2009.5.20"]
[Round "1"]
[White "QuinhoFogo"]
[Black "EliasOliveira28"]
[Result "0-1"]
[WhiteElo "1563"]
[BlackElo "1848"]

1. e4 c5 2. Bc4 e6 3. Nf3 d5 4. exd5 exd5 5. Qe2+ Be7 6. Bb5+ Bd7 7. Ng5 Nf6 8.
Bxd7+ Nbxd7 9. O-O O-O 10. c4 dxc4 11. Qxc4 Ne5 12. Qc2 Qc7 13. d4 Neg4 14. f4
Qb6 15. dxc5 Bxc5+ 16. Kh1 Rfe8 17. Qc4 Re7 18. Nd2 Ne3 19. Qb3 Nxf1 20. Nxf1
Qxb3 21. axb3 Re1 22. h4 Rxf1+ 23. Kh2 Be3 24. Ra5 Rxc1 25. h5 Bxf4+ 26. g3 Rc2+
27. Kh3 Bxg5 28. Rxg5 h6 29. Re5 Rxb2 30. Re3 Re8 31. Rxe8+ Nxe8 32. Kh4 Rxb3
33. Kg4 Nf6+ 34. Kf4 a5 35. g4 a4 36. g5 hxg5+ 37. Kxg5 a3 38. h6 Nh7+ 39. Kh5
a2 40. hxg7 a1=Q 41. Kh4 Qa4+ 42. Kh5 Rb5+ 43. Kh6 Qa6# 0-1

[Event "AUTO-ADV-1336"]
[Site "http://www.queenalice.com/game.php?id=591358"]
[Date "2009.5.20"]
[Round "1"]
[White "EliasOliveira28"]
[Black "QuinhoFogo"]
[Result "1-0"]
[WhiteElo "1843"]
[BlackElo "1574"]

1. d4 d5 2. c4 dxc4 3. Nc3 Nc6 4. e4 Nxd4 5. Bxc4 Bg4 6. Nge2 Bxe2 7. Bxe2 Nxe2
8. Qxe2 e6 9. O-O Nf6 10. Bg5 Be7 11. Rad1 Nd7 12. Bxe7 Qxe7 13. Nb5 Qd8 14. Rd3
c6 15. Nd6+ Kf8 16. Rfd1 Qb6 17. Nxf7 Ne5 18. Nxe5 Qc7 19. Qf3+ Ke8 20. Rd7 Rf8
21. Qxf8+ Kxf8 22. Rxc7 g5 23. Rxh7 Kg8 24. Rxb7 a5 25. Nxc6 1-0

[Event "AUTO-ADV-1336"]
[Site "http://www.queenalice.com/game.php?id=591375"]
[Date "2009.5.20"]
[Round "1"]
[White "EliasOliveira28"]
[Black "sateyea"]
[Result "0-1"]
[WhiteElo "1752"]
[BlackElo "2065"]

1. d4 d5 2. c4 c6 3. Nf3 Nf6 4. Nc3 e6 5. a3 Be7 6. Bf4 O-O 7. e3 a6 8. Bd3 b5
9. cxb5 cxb5 10. O-O Nbd7 11. Ne5 Nxe5 12. Bxe5 Nd7 13. Qh5 f5 14. Bf4 Nf6 15.
Qf3 Ne4 16. Nxe4 fxe4 17. Qg3 exd3 18. Bh6 Rf7 19. Rad1 Bd6 20. Qg5 Qxg5 21.
Bxg5 Bb7 22. Rxd3 h6 23. Bf4 Bxf4 24. exf4 Rxf4 25. Re1 Re8 26. f3 g5 27. Kf2
Kf7 28. g3 Rf6 29. Re5 Rc8 30. Rd2 Rc4 31. Ke3 a5 32. h4 Rf5 33. Rxf5+ exf5 34.
hxg5 hxg5 35. Rh2 Bc6 36. f4 g4 37. Rh6 Ke7 0-1

[Event "AUTO-ADV-1336"]
[Site "http://www.queenalice.com/game.php?id=591376"]
[Date "2009.5.20"]
[Round "1"]
[White "sateyea"]
[Black "EliasOliveira28"]
[Result "1-0"]
[WhiteElo "1950"]
[BlackElo "1839"]

1. e4 c5 2. Nf3 e6 3. c3 Nc6 4. d4 cxd4 5. cxd4 d5 6. e5 Bd7 7. Be2 g6 8. O-O
Qb6 9. b3 Nge7 10. Nc3 Nf5 11. Be3 Bb4 12. Na4 Qc7 13. a3 Be7 14. b4 a6 15. Nc5
b6 16. Nxa6 Qc8 17. b5 Na7 18. Rc1 Bc6 19. bxc6 Bxa3 20. Rc2 O-O 21. Qd3 Nxc6
22. Qxa3 Nxe3 23. fxe3 Qb7 24. Ra1 Na5 25. Rc7 Qxc7 26. Nxc7 Nc4 27. Qxa8 1-0

[Event "AUTO-ADV-1336"]
[Site "http://www.queenalice.com/game.php?id=591377"]
[Date "2009.5.20"]
[Round "1"]
[White "EliasOliveira28"]
[Black "alvarogoulart"]
[Result "0-1"]
[WhiteElo "1785"]
[BlackElo "1752"]

1. d4 e6 2. c4 Nf6 3. Nf3 d5 4. a3 dxc4 5. Nc3 Nc6 6. e4 Be7 7. Bxc4 O-O 8. O-O
h6 9. Bf4 Na5 10. b3 a6 11. e5 Nh5 12. Be3 b5 13. Be2 Bb7 14. b4 Nc6 15. Qd3 Kh8
16. Qd2 f6 0-1

[Event "AUTO-ADV-1336"]
[Site "http://www.queenalice.com/game.php?id=591378"]
[Date "2009.5.20"]
[Round "1"]
[White "alvarogoulart"]
[Black "EliasOliveira28"]
[Result "1-0"]
[WhiteElo "1769"]
[BlackElo "1768"]

1. e4 c5 2. Bc4 e6 3. d3 Nc6 4. Nf3 Nf6 5. Bg5 Be7 6. e5 Nd5 7. Bxd5 Bxg5 8.
Bxc6 bxc6 9. Nc3 d5 10. Na4 Be7 11. b3 d4 12. O-O Qc7 13. Qe2 O-O 14. Rac1 1-0

[Event "Elias x Charles"]
[Site "http://www.queenalice.com/game.php?id=592292"]
[Date "2009.5.22"]
[Round "-"]
[White "EliasOliveira28"]
[Black "cmnetto"]
[Result "0-1"]
[WhiteElo "1853"]
[BlackElo "1767"]

1. d4 g6 2. c4 Bg7 3. Nf3 e6 4. Nc3 Ne7 5. e4 d5 6. Be3 dxe4 7. Nxe4 Nbc6 8. Be2
b6 9. O-O O-O 10. d5 exd5 11. cxd5 Ne5 12. Bd4 Nxf3+ 13. Bxf3 Nxd5 14. Bxg7 Kxg7
15. Qd4+ Kg8 16. Rad1 c6 17. Nc3 Be6 18. Nxd5 Bxd5 19. Bxd5 Qxd5 20. Qxd5 cxd5
21. Rxd5 Rac8 22. Rd7 a5 23. h4 Rc2 24. Rb1 Re8 25. Rd6 Ree2 26. Rf6 b5 27. Kf1
Rxb2 28. Rxb2 Rxb2 29. a3 Ra2 30. Rf3 Ra1+ 31. Ke2 b4 32. axb4 axb4 33. Rb3 Ra2+
34. Ke3 Ra3 35. Rxa3 bxa3 36. g4 a2 37. f4 a1=Q 38. g5 Qc1+ 39. Ke4 Qh1+ 40. Ke5
Qxh4 41. Ke4 Qg4 42. Ke5 Qf5+ 0-1

[Event "Cristi x Elias"]
[Site "http://www.queenalice.com/game.php?id=592295"]
[Date "2009.5.22"]
[Round "-"]
[White "xerxe"]
[Black "EliasOliveira28"]
[Result "1-0"]
[WhiteElo "1946"]
[BlackElo "1749"]

1. e4 c5 2. Nf3 d6 3. Bc4 e6 4. O-O Nf6 5. Re1 Nc6 6. c3 a6 7. d4 cxd4 8. cxd4
d5 9. exd5 Nxd5 10. Nc3 Nxc3 11. bxc3 b5 12. Bb3 Bd6 13. Bg5 Be7 14. Bf4 O-O 15.
Qd3 Re8 16. Bc2 f5 17. a4 Bf6 18. axb5 Ne7 19. bxa6 Nd5 20. Be5 Bxe5 21. Rxe5
Qb6 22. h3 Bxa6 23. Qd2 Rac8 24. Ng5 Nxc3 25. Nxe6 Rxe6 26. Bxf5 Rxe5 27. Bxc8
Ne2+ 28. Kh1 Qxd4 29. Qxd4 Nxd4 30. Bxa6 h6 31. f4 Re4 32. g3 Nf5 33. Bd3 Nxg3+
34. Kg2 Rd4 35. Bg6 1-0

[Event "Aldav x Elias"]
[Site "http://www.queenalice.com/game.php?id=592433"]
[Date "2009.5.22"]
[Round "-"]
[White "aldav"]
[Black "EliasOliveira28"]
[Result "0-1"]
[WhiteElo "1627"]
[BlackElo "1834"]

1. d4 Nf6 2. e3 e6 3. a3 d5 4. c4 Nbd7 5. c5 b6 6. b4 bxc5 7. bxc5 c6 8. Bd3 Be7
9. Nf3 Qc7 10. O-O e5 11. Bf5 e4 12. Bxd7+ Bxd7 13. Ne5 O-O 14. Nd2 Qc8 15. Nb3
Ng4 16. Nxg4 Bxg4 17. Qc2 Qf5 18. f3 exf3 19. Qxf5 Bxf5 20. Rxf3 Bd3 21. Bd2
Rab8 22. Nc1 Be4 23. Rf2 Rb2 24. Bb4 Rxf2 25. Kxf2 Bg5 26. Ne2 f5 27. Nc3 f4 28.
exf4 Rxf4+ 29. Ke2 Bxg2 30. Rb1 Rxd4 31. Rg1 Rd2+ 32. Ke1 Be3 33. Rxg2 Rxg2 0-1

[Event "Challenge"]
[Site "http://www.queenalice.com/game.php?id=595011"]
[Date "2009.5.28"]
[Round "-"]
[White "EliasOliveira28"]
[Black "Enxadrista_27"]
[Result "1-0"]
[WhiteElo "1848"]
[BlackElo "1268"]

1. e4 e5 2. Nf3 Nf6 3. Bc4 Nxe4 4. Nc3 Nc5 5. Nxe5 f6 6. Qh5+ g6 7. Bf7+ Ke7 8.
Nd5+ Kd6 9. Nc4+ Kc6 10. Nb4+ Kb5 11. a4+ Kxb4 12. c3+ Kb3 13. Qd1# 1-0